01017nam0a22002171 4500001001100000005001700011035002600028100004100054101000800095102000700103105001800110200031900128210006300447215003500510333005500545702003700600712010300637801001800740801002200758852001900780rc\279046020260407011815.0 a(NLR Aleph) 006916584 a20110915d1935 |||y0rusy50 ca0 arus aRU ay z |||||1 aСборник главнейших официальных материалов по вопросам организации и техники советской торговлиfПод ред. и с пред. проф. Г. Г. ШвиттауgНКВТ РСФСР. Иркут. ин-т сов. торговли aИркутскcтип. газ. изд-ва "ВСП"d1935 aОбл., 252 с.d21х15 см. aДля служебного пользования 1aШвиттауbГ.Г.4340408002aИркутский институт советской торговли3RU\NLR\AUTH\889999250 0aRUbNLRgpsbo 1aRUbELAR2rusmarc aNLRj35-3/1215